000 005210000a22001810004500
003 MACL
005 20160427155848.0
008 160427b xxu||||| |||| 00| 0 eng d
040 _aMACL
_cMACL
041 _aHindi
082 _a800
100 _aनीलंकात
_952121
245 _aइतिहास लेखन की समस्‍याऍ
260 _bहाथ प्रकाशन
_c1995
_aइलाहाबाद
350 _a250
650 _aLiteracture
_954442
942 _cHIN
_k800/NEE/L
_2ddc
999 _c19738
_d19738